000 00591nam a2200229Ia 4500
003 OSt
005 20221005121926.0
006 a|||||r|||| 00| 0
007 ta
008 221004b |||||||| |||| 00| 0 tam d
024 _a51594
037 _cTextual
040 _aCRL
_cCRL
_btam
041 _2tam
_atam
082 _aQ2216xI86:g, 31N9
100 _aSastri Satttarji Au.
_9631258
245 0 _aIndia ilakkiya sirpigal
260 _c1999
650 _aRELIGION
942 _hQ2216xI86:g, 31N9
_cTEXL
_2cc
999 _c1042716
_d1042716